Normal view
MARC view
- REPAIRING- MAJOR APPLIANCES.HOUSEHOLD APPLIANCES, ELECTRIC-MAINTEA\NANCE AND REPAIR
Entry Topical Term
001 - CONTROL NUMBER
- control field: 65698
003 - CONTROL NUMBER IDENTIFIER
- control field: NUST
005 - DATE AND TIME OF LATEST TRANSACTION
- control field: 20210628203458.0
008 - FIXED-LENGTH DATA ELEMENTS
- fixed length control field: 210628|| aca||aabn | a|a d
040 ## - CATALOGING SOURCE
- Original cataloging agency: NUST
- Transcribing agency: NUST
150 ## - HEADING--TOPICAL TERM
- Topical term or geographic name entry element: REPAIRING- MAJOR APPLIANCES.HOUSEHOLD APPLIANCES, ELECTRIC-MAINTEA\NANCE AND REPAIR
670 ## - SOURCE DATA FOUND
- Source citation: Work cat.: (NUST): Kleinert, Eric 65697, Troubleshooting and repairing major appliances, 2007
